10 Most Populated Countries by Colours in Their Flags - Statistics

General Stats
  • This quiz has been taken 556 times
  • The average score is 23 of 31
Answer Stats
Hint Answer % Correct
R2 W2 B1 United States
98%
R1 Y1 China
97%
W1 G1 India
94%
R5 W7 B3 Russia
94%
Y2 W4 G2 B2 Brazil
91%
Y6 K2 Germany
90%
R6 W8 Japan
90%
B9 United Kingdom
90%
B7 France
89%
R7 W9 G6 Mexico
87%
R3 W3 Indonesia
83%
K1 Egypt
80%
W6 G4 Nigeria
79%
W5 G3 Pakistan
79%
G9 Italy
78%
Y9 B10 K3 South Africa
78%
R4 G5 Bangladesh
72%
G8 Iran
72%
Y7 B6 D. R. Congo
70%
R9 Y4 Vietnam
70%
R8 Y3 W10 B4 Philippines
68%
R10 Y5 G7 B5 Ethiopia
66%
K4 South Korea
65%
B8 Thailand
64%
K8 Iraq
60%
K6 Kenya
57%
K7 Sudan
53%
Y10 K5 Tanzania
50%
Y8 G10 Burma
46%
K10 Afghanistan
42%
K9 Uganda
36%
No matching quizzes found
Score Distribution
Percent of People with Each Score
Percentile by Number Answered
Your Score History
You have not taken this quiz